000 00705nam a22002177a 4500
999 _c14287
_d14287
003 AR-CdUCM
008 190329b ||||| |||| 00| 0 spa d
020 _a978-987-613-056-1
040 _aMUNICIPALIDAD PROVINCIAL DEL CUSCO
_cBIBLIOTECA MUNICIPAL DEL CUSCO
082 _aEP / 741.5 /
_bP82
110 _aComics Conosur.
_933013
245 _aPower Rangers Dinothunder :
_bEl día del Dino /
260 _aBuenos Aires :
_bComics Conosur,
_c2007.
300 _a85 páginas ;
_bIlustraciones
_c23 cm
500 _aRevista de Comic.
505 _aContenido :Power Rangers Dinothuender .
650 _aHistorietas
_910786
650 _aCuentos
_9217
942 _2ddc
_cLIBROS
945 _arum
_d2019-04-22